An Introduction to business decision making : (Record no. 12609)

MARC details
000 -LEADER
fixed length control field 01076nam a2200349 i 4500
001 - CONTROL NUMBER
control field 4633756
003 - CONTROL NUMBER IDENTIFIER
control field mut
005 - DATE AND TIME OF LATEST TRANSACTION
control field 20240606081230.0
008 - FIXED-LENGTH DATA ELEMENTS--GENERAL INFORMATION
fixed length control field 780802s1977 onca b 000 0 eng
010 ## - LIBRARY OF CONGRESS CONTROL NUMBER
LC control number 78309212
015 ## - NATIONAL BIBLIOGRAPHY NUMBER
National bibliography number C***
020 ## - INTERNATIONAL STANDARD BOOK NUMBER
International Standard Book Number 0176034846
040 ## - CATALOGING SOURCE
Original cataloging agency DLC
Transcribing agency mut
Modifying agency DLC
043 ## - GEOGRAPHIC AREA CODE
Geographic area code n-cn---
050 00 - LIBRARY OF CONGRESS CALL NUMBER
Classification number HF5351
Item number .I57 1992
082 00 - DEWEY DECIMAL CLASSIFICATION NUMBER
Classification number 658.4/03
245 03 - TITLE STATEMENT
Title An Introduction to business decision making :
Remainder of title text and cases /
250 ## - EDITION STATEMENT
Edition statement 4th ed.
260 ## - PUBLICATION, DISTRIBUTION, ETC.
Place of publication, distribution, etc. Scarborough ;
-- Ontario :
Name of publisher, distributor, etc. Nelson canada,
Date of publication, distribution, etc. c1992.
300 ## - PHYSICAL DESCRIPTION
Extent xii, 507 p. :
Other physical details ill. ;
Dimensions 24 cm.
490 0# - SERIES STATEMENT
Series statement Methuen: Canadian business administration
504 ## - BIBLIOGRAPHY, ETC. NOTE
Bibliography, etc. note Includes bibliographical references.
650 #0 - SUBJECT ADDED ENTRY--TOPICAL TERM
Topical term or geographic name entry element Business
General subdivision Case studies.
650 #0 - SUBJECT ADDED ENTRY--TOPICAL TERM
Topical term or geographic name entry element Industrial management
Geographic subdivision Canada
General subdivision Case studies.
650 #0 - SUBJECT ADDED ENTRY--TOPICAL TERM
Topical term or geographic name entry element Business
General subdivision Decision making
-- Problems, exercises, etc.
700 1# - ADDED ENTRY--PERSONAL NAME
Personal name Graham, John
700 1# - ADDED ENTRY--PERSONAL NAME
Personal name Campbell, Marilyn.
700 1# - ADDED ENTRY--PERSONAL NAME
Personal name Haywood-Farmer, John
700 1# - ADDED ENTRY--PERSONAL NAME
Personal name Humphrey, John A.,
906 ## - LOCAL DATA ELEMENT F, LDF (RLIN)
a 7
b cbc
c orignew
d 3
e ncip
f 19
g y-gencatlg
942 ## - ADDED ENTRY ELEMENTS (KOHA)
Source of classification or shelving scheme Library of Congress Classification
Koha item type Books
Holdings
Withdrawn status Lost status Source of classification or shelving scheme Damaged status Not for loan Home library Current library Shelving location Date acquired Source of acquisition Total checkouts Full call number Barcode Date last seen Price effective from Koha item type
    Library of Congress Classification     Murang'a University of Technology Library Murang'a University of Technology Library General stacks 03/10/2017 Donation-TFC   HF5351 .I57 1992 013554 30/08/2024 03/10/2017 Books
    Library of Congress Classification     Murang'a University of Technology Library Murang'a University of Technology Library General stacks 27/06/2019 Donation-TFC   HF5351 .I57 1992 026888 30/08/2024 27/06/2019 Books